000 01083nam a2200265 i 4500
001 bg
100 1 _aKRZYŻANOWSKI, Henryk
245 1 0 _aAngielski "No problem!" :
_bintensywny kurs do samodzielnej nauki, poziom podstawowy /
_cHenryk Krzyżanowski.
260 _aPoznań :
_bSuperMemo World,
_c2006.
300 _a217 s. ;
_c19 cm +
_eCD ROM : program komputerowy, nagrania mp3.
500 _aWymagania systemowe mp3: dowolny odtwarzacz mp3.
500 _aWymagania systemowe do programu SuperMemo: procesor klasy Pentium lub nowszy, 64MB RAM,SVGA High Color 16-bitowy, rozdzielczość 800x600, napęd CD ROM, karta dźwiękowa, Windows 98 PL, 2000 PL, XP PL lub nowsze.
650 9 _aJęzyk angielski
655 _aPodręczniki
020 _a836019906X
020 _a9788360199060
040 _cBPK
041 w _aengpol
080 _a811.111(07)
920 _a83-60199-06-X
920 _a978-83-60199-06-0
942 _cKS
008 s pl f |000 0 pol
999 _c52129
_d52129
856 _uhttp://koha.tu.koszalin.pl/cgi-bin/koha/opac-detail.pl?biblionumber=52129
_yKatalog online BPK